Movie Franchise Directors - Statistics

General Stats
  • This quiz has been taken 64 times
  • The average score is 40 of 80
Answer Stats
Franchise Film Year Director % Correct
Indiana Jones Raiders of the Lost Ark 1981 Steven Spielberg
98%
Indiana Jones The Temple of Doom 1984 Steven Spielberg
98%
Indiana Jones The Last Crusade 1989 Steven Spielberg
98%
Indiana Jones The Kingdom of the Crystal Skull 2008 Steven Spielberg
98%
Jaws Jaws 1975 Steven Spielberg
98%
Jurassic Park & World Jurassic Park 1993 Steven Spielberg
98%
Jurassic Park & World The Lost World 1997 Steven Spielberg
98%
Star Wars: Skywalker Saga A New Hope 1977 George Lucas
96%
Star Wars: Skywalker Saga The Phantom Menace 1999 George Lucas
96%
Star Wars: Skywalker Saga Attack of the Clones 2002 George Lucas
96%
Star Wars: Skywalker Saga Revenge of the Sith 2005 George Lucas
96%
Alien Aliens 1986 James Cameron
96%
Terminator The Terminator 1984 James Cameron
96%
Terminator Judgment Day 1991 James Cameron
96%
Alien Alien 1979 Ridley Scott
94%
Alien Prometheus 2012 Ridley Scott
94%
Alien Alien: Covenant 2017 Ridley Scott
94%
Mission: Impossible Mission: Impossible III 2006 J. J. Abrams
77%
Star Wars: Skywalker Saga The Force Awakens 2015 J. J. Abrams
77%
Star Wars: Skywalker Saga The Rise of Skywalker 2019 J. J. Abrams
77%
Harry Potter The Philosopher's Stone 2001 Chris Columbus
73%
Harry Potter The Chamber of Secrets 2002 Chris Columbus
73%
Harry Potter The Prisoner of Azkaban 2004 Alfonso Cuarón
71%
Mission: Impossible Mission: Impossible 1996 Brian De Palma
67%
Alien Alien 3 1992 David Fincher
67%
Harry Potter The Order of the Phoenix 2007 David Yates
63%
Harry Potter Tthe Half Blood Prince 2009 David Yates
63%
Harry Potter The Deathly Hallows Part 1 2010 David Yates
63%
Harry Potter The Deathly Hallows Part 2 2011 David Yates
63%
Mission: Impossible Mission: Impossible 2 2000 John Woo
63%
Star Wars: Skywalker Saga The Last Jedi 2017 Rian Johnson
63%
Mission: Impossible Rogue Nation 2015 Christopher McQuarrie
56%
Mission: Impossible Fallout 2018 Christopher McQuarrie
56%
Mission: Impossible Dead Reckoning Part One 2023 Christopher McQuarrie
56%
Mission: Impossible The Final Reckoning 2025 Christopher McQuarrie
56%
Star Wars: Skywalker Saga The Empire Strikes Back 1980 Irvin Kershner
50%
Indiana Jones The Dial of Destiny 2023 James Mangold
48%
Fast & Furious Furious 7 2015 James Wan
48%
Mission: Impossible Ghost Protocol 2011 Brad Bird
44%
Jason Bourne The Bourne Supremacy 2004 Paul Greengrass
42%
Jason Bourne The Bourne Ultimatum 2007 Paul Greengrass
42%
Jason Bourne Jason Bourne 2016 Paul Greengrass
42%
Jurassic Park & World Jurassic World 2015 Colin Trevorrow
38%
Jurassic Park & World Dominion 2022 Colin Trevorrow
38%
Die Hard Die Hard 1988 John McTiernan
38%
Die Hard Die Hard with a Vengeance 1995 John McTiernan
38%
Alien Alien Resurrection 1997 Jean-Pierre Jeunet
33%
Star Trek: Original Series The Search for Spock 1984 Leonard Nimoy
31%
Star Trek: Original Series The Voyage Home 1986 Leonard Nimoy
31%
Star Wars: Skywalker Saga Return of the Jedi 1983 Richard Marquand
31%
Jason Bourne The Bourne Identity 2002 Doug Liman
29%
Fast & Furious Tokyo Drift 2006 Justin Lin
29%
Fast & Furious Fast & Furious 2009 Justin Lin
29%
Fast & Furious Fast Five 2011 Justin Lin
29%
Fast & Furious Fast & Furious 6 2013 Justin Lin
29%
Fast & Furious F9 2021 Justin Lin
29%
Terminator Salvation 2009 McG
29%
Jurassic Park & World Rebirth 2025 Gareth Edwards
27%
Jurassic Park & World Fallen Kingdom 2018 J. A. Bayona
27%
Jurassic Park & World Jurassic Park III 2001 Joe Johnston
27%
Harry Potter The Goblet of Fire 2005 Mike Newell
27%
Star Trek: Original Series The Final Frontier 1989 William Shatner
27%
Terminator Dark Fate 2019 Tim Miller
23%
Fast & Furious The Fate of the Furious 2017 F. Gary Gray
21%
Fast & Furious 2 Fast 2 Furious 2003 John Singleton
21%
Alien Alien: Romulus 2024 Fede Álvarez
19%
Fast & Furious Fast X 2023 Louis Leterrier
19%
Die Hard Die Hard 2 1990 Renny Harlin
19%
Star Trek: Original Series Star Trek: The Motion Picture 1979 Robert Wise
19%
Fast & Furious The Fast and the Furious 2001 Rob Cohen
15%
Terminator Genisys 2015 Alan Taylor
13%
Jason Bourne The Bourne Legacy 2012 Tony Gilroy
13%
Die Hard A Good Day to Die Hard 2013 John Moore
10%
Terminator Rise of the Machines 2003 Jonathan Mostow
8%
Die Hard Live Free of Die Hard 2007 Len Wiseman
8%
Jaws Jaws 2 1978 Jeannot Szwarc
6%
Jaws Jaws: The Revenge 1987 Joseph Sargent
6%
Jaws Jaws 3-D 1983 Joe Alves
4%
Star Trek: Original Series The Wrath of Khan 1982 Nicholas Meyer
4%
Star Trek: Original Series The Undiscovered Country 1991 Nicholas Meyer
4%
No matching quizzes found
Score Distribution
Percent of People with Each Score
Percentile by Number Answered
Your Score History
You have not taken this quiz